Welcome to CU Library Online Public Access Catalogue (OPAC)

Television production today / (Record no. 1686)

MARC details
000 -LEADER
fixed length control field 00805cam a2200229 a 4500
001 - CONTROL NUMBER
control field 4909160
005 - DATE AND TIME OF LATEST TRANSACTION
control field 20241128105756.0
008 - FIXED-LENGTH DATA ELEMENTS--GENERAL INFORMATION
fixed length control field 950602s1995 ilua b 001 0 eng
020 ## - INTERNATIONAL STANDARD BOOK NUMBER
International Standard Book Number 0844250821
050 00 - LIBRARY OF CONGRESS CALL NUMBER
Classification number PN1992.75
Item number .K57 1995
082 00 - DEWEY DECIMAL CLASSIFICATION NUMBER
Classification number 791.45/0232
Edition information 20
100 1# - MAIN ENTRY--PERSONAL NAME
Personal name Bielak, Mark.
245 10 - TITLE STATEMENT
Title Television production today /
Statement of responsibility, etc. Mark Bielak.
250 ## - EDITION STATEMENT
Edition statement 3rd ed.
260 ## - PUBLICATION, DISTRIBUTION, ETC.
Place of publication, distribution, etc. Lincolnwood, Ill. :
Name of publisher, distributor, etc. National Textbook Co.,
Date of publication, distribution, etc. c1995.
300 ## - PHYSICAL DESCRIPTION
Extent xi, 259 p. :
Other physical details ill. ;
Dimensions 24 cm.
500 ## - GENERAL NOTE
General note Rev. ed. of: Television production today! / James D. Kirkham. c1981.
650 #0 - SUBJECT ADDED ENTRY--TOPICAL TERM
Topical term or geographic name entry element Television
General subdivision Production and direction.
700 1# - ADDED ENTRY--PERSONAL NAME
Personal name Kirkham, James D.
Title of a work Television production today!
856 42 - ELECTRONIC LOCATION AND ACCESS
Materials specified Publisher description
Uniform Resource Identifier <a href="http://www.loc.gov/catdir/description/mh051/94066602.html">http://www.loc.gov/catdir/description/mh051/94066602.html</a>
942 ## - ADDED ENTRY ELEMENTS (KOHA)
Source of classification or shelving scheme Library of Congress Classification
Koha item type Books
Suppress in OPAC No
999 ## -
-- 1686
-- 1686
Holdings
Withdrawn status Lost status Source of classification or shelving scheme Damaged status Not for loan Collection Home library Current library Shelving location Date acquired Total checkouts Full call number Barcode Date last seen Copy number Price effective from Koha item type
    Library of Congress Classification     Fiction Undergraduate Library (Christ Temple) Undergraduate Library (Christ Temple) Fiction 11/28/2024   PN1992.75 BIE ulct00000403 11/28/2024 1 11/28/2024 Books
© 2023-2024 Copyright: Central University Libraries. All Rights Reserved | Created by: Mahone Tech Office